000 00638cam a2200193 4500
001 4420
005 20181127173346.0
008 951011s1996 nyua 000 1 eng
010 _a 95043936
020 _a9780007428540
100 1 _aMartin, George R. R.
245 1 2 _aGame of thrones /
_cGeorge R.R. Martin.
260 _aLondon :
_bHarperCollins,
_c2011.
300 _a801 p. :
_bill. ;
_c25 cm.
490 1 _aA song of ice and fire ;
_vbk. 1
500 _aIncludes two maps covering the territory of A game of thrones on endpapers.
655 7 _aFantasy fiction.
_2gsafd
800 1 _aMartin, George R. R.
_tSong of ice and fire ;
_vbk. 1.
999 _c3655
_d3655